| 000 | 01445nam0a2200277 4500 | ||
|---|---|---|---|
| 001 | RU\NLR\bibl\1191113 | ||
| 005 | 20260405151335.0 | ||
| 035 | _a(NLR Aleph) 001177666 | ||
| 090 |
_a1637302 _c1637302 |
||
| 100 | _a20080220d2006 |||y0rusy50 ca | ||
| 101 | 0 | _arus | |
| 102 | _aRU | ||
| 105 | _ay ||||||||| | ||
| 200 | 1 |
_aТехнология спортивно-оздоровительного туризма _e(пешеходный туризм) _eучебное пособие для специальности "Физическая культура и спорт", "Рекреация и спортивно-оздоровительный туризм" _fО.В. Алексеева _gФедер. агентство по образованию, Бурят. гос. ун-т |
|
| 210 |
_aУлан-Удэ _cИзд-во Бурятского госуниверситета _d2006 |
||
| 215 |
_a76 с. _d20 |
||
| 320 | _aБиблиогр.: с. 68-70 (40 назв.) и в конце тем | ||
| 606 | 1 |
_aПешеходный туризм _jУчебные издания _91903384 _3RU\NLR\auth\66866718 |
|
| 686 | _aЧ518.113.1я7 | ||
| 700 | 1 |
_4070 _8rus _7ca _aАлексеева _bО. В. _cканд. пед. наук, туризм _gОльга Владимировна _3RU\NLR\auth\7762549 _945479 |
|
| 801 | 0 |
_aRU _bNLR _c20080220 _gRCR |
|
| 801 | 1 |
_aRU _bNLR _c20080220 |
|
| 830 | _aавт. по кн. | ||
| 942 | _cBOOK | ||
| 980 | _aNB | ||